MARC

LEADER 00000nam0a2200000 4500
001 247955
005 20231101232338.0
035 |a (RuTPU)RU\TPU\book\269588 
090 |a 247955 
100 |a 20140116d1988 k y0rusy50 ca 
101 0 |a rus 
102 |a RU 
105 |a a z 001zy 
200 1 |a Геохимические критерии формирования скоплений углеводородов и прогноза нефтегазоносности  |e сборник научных трудов  |f Всесоюзный научно-исследовательский геологоразведочный нефтяной институт (ВНИГНИ) ; под ред. М. К. Калинко, Р. Г. Панкина 
210 |a Москва  |c Изд-во ВНИГНИ  |d 1988 
215 |a 191 с.  |c ил. 
320 |a Библиогр. в конце ст. 
606 1 |a Нефтегазоносность  |x Прогноз  |2 stltpush  |3 (RuTPU)RU\TPU\subj\45617  |9 64810 
610 1 |a углеводород 
610 1 |a скопления 
610 1 |a геохимические критерии 
610 1 |a формирование 
610 1 |a горючие полезные ископаемые 
610 1 |a геохимическая информация 
610 1 |a нефть 
610 1 |a конденсат 
610 1 |a физические методы 
610 1 |a интерпретация 
675 |a 553.98.044  |v 3 
702 1 |a Калинко  |b М. К.  |4 340 
702 1 |a Панкина  |b Р. Г.  |4 340 
712 0 2 |a Всесоюзный научно-исследовательский геологоразведочный нефтяной институт (ВНИГНИ)  |2 stltpush  |3 (RuTPU)RU\TPU\col\18350 
801 1 |a RU  |b 63413507  |c 20140116 
801 2 |a RU  |b 63413507  |c 20141121  |g RCR 
942 |c BK